Contribución al conocimiento de los líquenes de Colombia - I. clave genérica para los líquenes foliosos y fruticosos de los páramos colombianos (Registro nro. 14911)

Detalles MARC
000 -CABECERA
Campo de control 004350000a22001210004500
090 ## - CLASIFICACIÓN LOCAL
Colección AS
Consecutivo Seriadas
041 0# - IDIOMA
Código de idioma para texto/pista de sonido o título separado
100 1# - ASIENTO PRINCIPAL--NOMBRE PERSONAL
Nombre personal Sipman, Harrie J. M.
245 10 - MENCION DE TITULO
Título Contribución al conocimiento de los líquenes de Colombia - I. clave genérica para los líquenes foliosos y fruticosos de los páramos colombianos
700 1# - ASIENTO SECUNDARIO - NOMBRE PERSONAL
Nombre personal Aguirre C., Jaime
773 1# - Item fuente:
Título Caldasia
Especificación de materiales 45
Descripción física 64
Paginas del Articulo 603-634
Lugar, editorial y fecha de publicación 1982
Información sobre la relación 13
942 ## - ELEMENTOS ADICIONALES (KOHA)
Tipo de ítem Artículo

No hay ítems disponibles.